| 000 | 00400nam a22001457a 4500 | ||
|---|---|---|---|
| 005 | 20250614101550.0 | ||
| 008 | 250614b |||||||| |||| 00| 0 eng d | ||
| 020 | _a9781565638587 | ||
| 050 |
_aBS430 _bLIT |
||
| 100 | _aLITTLE E. CHARLES | ||
| 245 | _a10,000 TOPICAL ILLUSTRATIONS FROM THE BIBLE | ||
| 260 |
_aMASSACHUSETTS _bHENDRICKSON PUBLISHERS, INC. _c1961 |
||
| 300 | _a682p | ||
| 942 |
_2lcc _cBK _n0 |
||
| 999 |
_c6466 _d6466 |
||